02001nam a2200337 a 450000100100000000500170001000800410002702000150006804000250008308200230010810000320013124500980016325000120026126000350027330000280030850000710033650503770040750400320078459000260081665000320084265000280087465000250090265000170092791000370094495201360098195201210111795201360123895201360137495201360151099900170164600002649320241009100000.0110321s2011 dr a 000 0 spa d z9993445118 aDO-SdBNPbspacBNPHU a460.7bG216c, 20111 aGarcía Molina, Bartolo9610aCompetencias comunicativas :blengua española para nivelación /cBartolo García Molina. a3ª ed. aSanto Domingo :bSurco,c2011. a213 p. :bil. ;c22 cm. aIncluye datos biográficos del autor en la solapa de la cubierta.0 tCompetencias comunicativas --tExpresión oral y competencia lectoratDelicias orales, confrontación textual, uso de la coma y de las comillas --tIntuición oracional, uso del punto y otros signos --tEl ritmo, metacognición, usos de b-v --tTrabalenguas y usos de c-s-z --tAprendiendo a escuchar, uso de g-j-ll-h-y, verbos terminado en ear-iar --tBibliografía. aBibliografía : p. 211-213 aInventariado, 2018/LP 4aEspañolxEnseñanza9406 4aLenguaje y lenguas9407 0aComunicación 9378 4aLectura9408 aValidado. Control de calidad EMS 001054708DSaGRbGRcHDd2011-04-18iLF1l0o460.7 G216c, 2011p26493-30r2020-06-25te. 3w2020-06-25yLFDSZPréstamo en sala 0010718PDaPDbPDcHDd2011-03-21iLF1l0o460.7 G216c, 2011p26493-10r2020-06-25w2020-06-25yLFPDZNo se presta 001054728PDaPDbPDcHDd2011-03-21iLF1l0o460.7 G216c, 2011p26493-20r2020-06-25te. 2w2020-06-25yLFPDZPréstamo en sala 001054708DSaPDbPDcHDd2011-04-18iLF1l0o460.7 G216c, 2011p26493-40r2020-06-25te. 4w2020-06-25yLFDSZPréstamo en sala 001054708DSaPDbPDcHDd2011-05-23iLF1l0o460.7 G216c, 2011p26493-60r2020-06-25te. 5w2020-06-25yLFDSZPréstamo en sala c25985d25985